Việt sử thông giám cương mục khảo lược = 越史通鑑目考略
Ghi chép đầy đủ các sự kiện lịch sử, các chính sách cai trị, những phong tục tập quán điển hình của Việt Nam từ thời Hùng Vương đến năm 1789
Сохранить в:
| Главный автор: | |
|---|---|
| Другие авторы: | , |
| Формат: | |
| Язык: | Vietnamese Chinese |
| Опубликовано: |
H.
Văn hoá Thông tin
2009
|
| Предметы: | |
| Метки: |
Добавить метку
Нет меток, Требуется 1-ая метка записи!
|
| Thư viện lưu trữ: | Mạng thư viện Đại học Đà Nẵng |
|---|
| LEADER | 01606aam a22003858a 4500 | ||
|---|---|---|---|
| 001 | 000009899 | ||
| 003 | 6097 | ||
| 005 | 20111103151154.0 | ||
| 008 | 111103s2009 viesd | ||
| 020 | |c 33000đ |d 1000b | ||
| 041 | 1 | 0 | |a vie |h chi |
| 082 | 1 | 4 | |2 14 |a 959.7 |b NG-T |
| 100 | 1 | |a Nguyễn Thông | |
| 245 | 1 | 0 | |a Việt sử thông giám cương mục khảo lược |b = 越史通鑑目考略 |c Nguyễn Thông ; Đỗ Mộng Khương dịch ; Lê Huy Chưởng h.đ. |
| 260 | |a H. |b Văn hoá Thông tin |c 2009 | ||
| 300 | |a 192tr. |c 21cm | ||
| 500 | |a ĐTTS ghi: Viện Khoa học Xã hội Việt Nam. Viện Sử học | ||
| 520 | |a Ghi chép đầy đủ các sự kiện lịch sử, các chính sách cai trị, những phong tục tập quán điển hình của Việt Nam từ thời Hùng Vương đến năm 1789 | ||
| 650 | 7 | |2 Bộ TK TVQG |a Lịch sử trung đại | |
| 650 | 7 | |2 Bộ TK TVQG |a Sự kiện | |
| 650 | 7 | |2 Bộ TK TVQG |a Lịch sử cổ đại | |
| 651 | 7 | |2 Bộ TK TVQG |a Việt Nam | |
| 700 | 1 | |a Đỗ Mộng Khương |e dịch | |
| 700 | 1 | |a Lê Huy Chưởng |e h.đ. | |
| 910 | |a Nguyễn Thị Kim Oanh |d 3/11/2011 | ||
| OWN | |a LSP | ||
| AVA | |a UDN50 |b LSP |d 959.7 NG-T |e check_holdings |t Error 5003 Not defined in file expand_doc_bib_avail. |h N |k 1 | ||
| 999 | |a From the UDN01 | ||
| AVA | |a UDN50 |b LSP |d 959.7 NG-T |e available |t Error 5001 Not defined in file expand_doc_bib_avail. |f 20 |g 0 |h N |i 0 |k 1 | ||
| TYP | |a Monograph | ||
| TYP | |a Printed language | ||
| 980 | |a Mạng thư viện Đại học Đà Nẵng | ||